Metódy riadenia rizika v investičnom procese a jeho poistenie

Uložené v:
Podrobná bibliografia
Hlavný autor: Pinda, Ľudovít, 1958-
Médium: Kapitola
Jazyk:Slovak
Tagy: Pridať tag
Žiadne tagy, Buďte prvý, kto otaguje tento záznam!

MARC

LEADER 00000naa$a2200000$$$4500
001 0066843
005 20240502071809.9
041 0 |a slo 
044 |a SK 
245 1 0 |a Metódy riadenia rizika v investičnom procese a jeho poistenie  |c Ľudovít Pinda 
100 1 |a Pinda, Ľudovít, 1958-